[Event "AUT-ch"]
[Site "Moesern"]
[Date "1997.??.12"]
[Round "13"]
[White "Schroll, Gerhard"]
[Black "Kummer, Helmut"]
[Result "1/2-1/2"]
[WhiteElo "2405"]
[BlackElo "2380"]

1.c4 Nf6 2.Nc3 e6 3.Nf3 d5 4.d4 Be7 5.Bf4 O-O 6.e3 a6 7.Qc2 Nbd7 8.Rd1 Re8
9.Bd3 Nf8 10.O-O Ng6 11.Bg5 dxc4 12.Bxc4 h6 13.Bxf6 Bxf6 14.d5 e5 15.d6 Be6
16.Ne4 Nf8 17.Bxe6 Nxe6 18.dxc7 Qxc7 19.Nxf6+ gxf6 20.Qf5 Qe7 21.Qh3 Qf8
22.Nh4 Ng7 23.Nf5 Nxf5 24.Qxf5 Re6 25.Rd7 Rb6 26.Rfd1 Rxb2 27.Qxf6 Qg7 28.Qf5 Rf8
29.Rd8 Qg5 30.Rxf8+ Kxf8 31.Qh7 Qf6 32.f3 Rb6 33.h3 Rd6 34.Rb1 b5 35.Rc1 Rd8
36.Rc7 Ra8 37.Qc2 Kg7 38.Qe4 Rd8 39.Rc5 Re8 40.f4 Qg6 41.f5 Qg3 42.Rc6 Rd8
43.f6+ Kg8 44.Qg4+ Qxg4 45.hxg4 Ra8 46.Kf2 a5 47.Kf3 b4 48.Rb6 Kh7 49.Ke4 Rg8
50.Ra6 Rxg4+ 51.Kf3 Rc4 52.Rxa5 Rc2 53.Rxe5 Rxa2 54.Rb5 Rb2 55.e4 b3 56.e5 h5
57.Rb8 Rb1 58.g3 b2 59.Kg2 Kg6 60.Rb6 Re1 61.Rxb2 Rxe5 62.Rb8 Kxf6 63.Kh3 Kf5
64.Kh4 Re1 65.Rb5+ Kg6  1/2-1/2

[Event "Lost Boys 5th"]
[Site "Antwerp"]
[Date "1997.??.??"]
[Round "4"]
[White "Ye Rongguang"]
[Black "Van der Sterren, Paul"]
[Result "1/2-1/2"]
[WhiteElo "2500"]
[BlackElo "2555"]

1.d4 Nf6 2.Nf3 d5 3.c4 e6 4.Nc3 Be7 5.Bf4 O-O 6.e3 c5 7.dxc5 Bxc5 8.Rc1 Nc6
9.cxd5 exd5 10.Be2 d4 11.exd4 Nxd4 12.Nxd4 Qxd4 13.Qxd4 Bxd4 14.Nb5 Bb6 15.O-O Be6
16.a3 Nd5 17.Bg3 Rfd8 18.Nd6 Rd7 19.Bb5 Re7 20.Rfd1 Rd8 21.h3 h6 22.b4 Nf6
23.Kf1 a6 24.Be2 Ne8 25.Nc4 Rxd1+ 26.Rxd1 Bc7 27.Na5 Bxg3 28.fxg3 Nf6 29.Bf3 b6
30.Nc6 Bc4+ 31.Kf2 Re6 32.Rd4 Bb5 33.Rd8+ Re8 34.Rxe8+ Nxe8 35.Ne7+ Kf8 36.Nc8 a5
37.Nxb6 axb4 38.axb4 Nc7 39.Ke3 Ke7 40.Kd4 Ne6+ 41.Kd5 Ba6 42.h4 g5 43.hxg5 hxg5
44.g4 Bf1 45.Ke5 f6+ 46.Ke4 Nf8 47.Kf5 Kf7 48.Nd5 Ba6 49.Nc7 Bc8+ 50.Ke4 Ng6
51.Nb5 Ke7 52.Na7 Be6 53.b5 Kd6 54.b6 Bd7 55.Be2 Ne5 56.Kd4 Nxg4 57.Bb5 Bxb5
58.Nxb5+ Kc6 59.Ke4 Kxb6 60.Nc3 Kc5 61.Kf5 Ne3+  1/2-1/2

[Event "Arco di Trento op2"]
[Site "Arco di Trento"]
[Date "1997.??.??"]
[Round "3"]
[White "Ortega, Lexy"]
[Black "Djuric, Stefan"]
[Result "1-0"]
[WhiteElo "2460"]
[BlackElo "2535"]

1.d4 d5 2.c4 e6 3.Nf3 Nf6 4.Nc3 Be7 5.Bf4 O-O 6.e3 c6 7.Qc2 Na6 8.a3 Nc7
9.c5 Bd7 10.Bd3 Kh8 11.h3 Be8 12.O-O Nh5 13.Bh2 g6 14.b4 f6 15.Rfe1 Ng7 16.e4 dxe4
17.Bxe4 a5 18.Rab1 axb4 19.axb4 Ra7 20.Ra1 Rxa1 21.Rxa1 g5 22.Ra7 f5 23.Bd3 g4
24.hxg4 fxg4 25.Bxc7 Qxc7 26.Ne5 Nf5 27.Bxf5 exf5 28.Ra8 Kg7 29.Ne2 f4 30.Qe4 Bg5
31.Ra7 Qb8 32.Ra1 Bg6 33.Nxg6 hxg6 34.Qe5+ Qxe5 35.dxe5 Rd8 36.Ra7 Rd7 37.Nc3 g3
38.Kf1 Kh6 39.Ne4 Rd4 40.Nxg5 Kxg5 41.Rxb7 Re4 42.Rb6 Kf5 43.fxg3 fxg3 44.Rxc6 Rxb4
45.e6 Re4 46.Rd6 g5 47.Rd3 Rxe6 48.Rxg3 Rc6 49.Rc3 Ke4 50.Ke2 Kd4 51.Rc1 Ke4
52.Rc4+ Kd5 53.Kd3 Ra6 54.Rc3 Kc6 55.Ke4 Ra2 56.g4 Rf2 57.Rf3 Rc2 58.Kf5 Rxc5+
59.Kf6  1-0

[Event "EU-ch Rapid"]
[Site "Athens"]
[Date "1997.??.??"]
[Round "9"]
[White "San Segundo, Pablo"]
[Black "Boensch, Uwe"]
[Result "0-1"]
[WhiteElo "2495"]
[BlackElo "2540"]

1.Nf3 d5 2.d4 Nf6 3.c4 e6 4.Nc3 Be7 5.Bf4 O-O 6.e3 c5 7.dxc5 Bxc5 8.a3 Nc6
9.Qc2 Qa5 10.Nd2 Be7 11.Be2 e5 12.Bg5 d4 13.Nb3 Qd8 14.Rd1 Ng4 15.Bxe7 Qxe7
16.exd4 exd4 17.Nxd4 Qh4 18.Bxg4 Bxg4 19.Nde2 Ne5 20.O-O Bxe2 21.Nxe2 Qxc4
22.Qxc4 Nxc4 23.Rd7 b5 24.Nd4 a6 25.b3 Nxa3 26.Ra1 Rfd8 27.Rxd8+ Rxd8 28.Rxa3 Rxd4
29.g3 Rd6 30.b4 Kf8 31.Rc3 Ke7 32.Rc7+ Rd7  0-1

[Event "AUT-chT2W 9697"]
[Site "Austria"]
[Date "1997.??.??"]
[Round "7"]
[White "Hager, Franz"]
[Black "Fuchs, Georg"]
[Result "0-1"]
[WhiteElo "2240"]
[BlackElo "2210"]

1.d4 d5 2.c4 e6 3.Nc3 Nf6 4.Nf3 Be7 5.Bf4 O-O 6.e3 b6 7.cxd5 exd5 8.Be2 Bb7
9.O-O c5 10.Ne5 Nc6 11.dxc5 bxc5 12.Bf3 Nxe5 13.Bxe5 Ne4 14.Nxe4 dxe4 15.Be2 Qb6
16.Qd7 Rfe8 17.Bc4 Ba6 18.Bc7 Qf6 19.Bxa6 Qxa6 20.Rfd1 Bf6 21.Qd6 Qb7 22.Rd2 Rac8
23.Ba5 Qb5 24.Bc3 Rcd8 25.a4 Qb3 26.Qc6 Bxc3 27.bxc3 Qxc3 28.Rad1 Qa5 29.Qxe4 h6
30.Rxd8 Rxd8 31.Rxd8+ Qxd8 32.h4 Qd1+ 33.Kh2 Qd7 34.h5 Qc8 35.Qc4 Qf5 36.Qh4 Qd5
37.e4 Qd6+ 38.f4 c4 39.e5 Qc7 40.Qe1 Qc6 41.f5 c3 42.Qg3 c2 43.f6 g6 44.hxg6 c1=Q
45.gxf7+ Kxf7 46.Qg7+ Ke6 47.Qe7+ Kf5  0-1

[Event "Oberliga Bayern9697"]
[Site "Bayern"]
[Date "1997.??.??"]
[Round "?"]
[White "Zlochevskij, Alexander"]
[Black "Gasthofer, Viktor"]
[Result "1-0"]
[WhiteElo "2415"]
[BlackElo "2380"]

1.d4 e6 2.c4 d5 3.Nf3 Nf6 4.Nc3 Be7 5.Bf4 O-O 6.e3 c5 7.dxc5 Bxc5 8.a3 Be7
9.Qc2 Nc6 10.Be2 dxc4 11.Bxc4 a6 12.Bd3 Qa5 13.O-O e5 14.b4 Qc7 15.Bg3 Bg4
16.Ng5 g6 17.h3 Bd7 18.Bh2 Rac8 19.Rac1 Qd8 20.Rfd1 Qe8 21.Qb2 h6 22.Nf3 Bd8
23.Ne4 Nxe4 24.Bxe4 Bf6 25.Nd2 Bf5 26.Bxf5 gxf5 27.Nc4 Qe6 28.Nd6 Rc7 29.Qb1 Rd8
30.Nxf5 Rcd7 31.Nxh6+ Kf8 32.Rxd7 Qxd7 33.Bg3 Qd3 34.Qa2 Rd7 35.Ng4 Bg7 36.Qc4 Qxa3
37.Rb1 Kg8 38.b5 axb5 39.Qxb5 Qd6 40.Qb3 Kh8 41.Qc2 Qe6 42.e4 Nd4 43.Qc8+ Kh7
44.Kh2 b5 45.Qb8 f6 46.Ra1 Qf7 47.Ra6 Re7 48.Bh4 Re8 49.Qa7 Re7 50.Qc5 Re6
51.Ra7 Qg6 52.Qf8 Ra6 53.Nxf6+ Kh6 54.Rxa6  1-0

[Event "Regionalliga SO9697"]
[Site "Bayern"]
[Date "1997.??.??"]
[Round "?"]
[White "Fartmann, Berthold"]
[Black "Derix, Bernhard"]
[Result "0-1"]
[WhiteElo "2030"]
[BlackElo "1925"]

1.d4 d5 2.c4 e6 3.Nc3 Be7 4.Nf3 Nf6 5.Bf4 c6 6.e3 O-O 7.Qc2 Nbd7 8.cxd5 exd5
9.Bd3 Re8 10.O-O-O Qa5 11.Kb1 Nf8 12.h4 Bg4 13.Rdg1 c5 14.Be5 Be6 15.Ng5 Rac8
16.g4 cxd4 17.Bxd4 Ne4 18.Bxe4 dxe4 19.a3 Bc4 20.Ngxe4 Bd5 21.g5 Ne6 22.Nf6+ Bxf6
23.gxf6 Bxh1 24.Rxh1 Nxd4 25.exd4 Qb6 26.Rg1 Qxf6 27.Nd5 Qd6 28.Qf5 Rc6 29.h5 g6
30.hxg6 fxg6 31.Qg5 Qe6 32.Ka1 Rd6 33.Nf4 Qf6 34.Qb5 Rf8 35.Qc4+ Kh8 36.Nd5  0-1

[Event "Regionalliga SW9697"]
[Site "Bayern"]
[Date "1997.??.??"]
[Round "?"]
[White "Altmann, Christoph"]
[Black "Habermann, Jochen"]
[Result "1-0"]
[WhiteElo "2030"]
[BlackElo "1985"]

1.d4 d5 2.c4 e6 3.Nc3 Nf6 4.Nf3 Be7 5.Bf4 O-O 6.e3 c6 7.Bd3 Nbd7 8.h3 Re8
9.O-O Nf8 10.c5 N6d7 11.e4 dxe4 12.Nxe4 Nf6 13.Nd6 Bxd6 14.Bxd6 Nd5 15.Re1 Nd7
16.a3 Qf6 17.Bc2 h5 18.Qd2 Rd8 19.Rad1 b6 20.Ne5 Nxe5 21.Bxe5 Qe7 22.Qd3 g6
23.Qg3 Kh7 24.Qf3 Kg8 25.b4 Ba6 26.Bb3 Rd7 27.Bd6 Qd8 28.Bxd5 cxd5 29.Qf4 Kh7
30.Rc1 Bc4 31.Rc3 Rc8 32.Rg3 Kg7 33.Re5 Rxd6 34.cxd6 Qxd6 35.Qf3 Rh8 36.Qe3 Qc6
37.Rf3 Qc7 38.Qg5 Qd8 39.Qf4 Qe7 40.Re1 Rc8 41.Qe5+ Kg8 42.Rg3 Qc7 43.Qf6 Re8
44.Re5 Qe7 45.Qf4 Kh7 46.Reg5 Be2 47.Re3 Bb5 48.Qh4 Kh6 49.Ree5 Bd3 50.Qf4 Kg7
51.Re3 Bc4 52.Rge5 Qd6 53.Rf3 Qe7 54.g4 hxg4 55.hxg4 f6 56.Ree3 g5 57.Qh2 Ba2
58.Rh3 Bb1 59.Rc3 e5 60.Rc1 Bg6 61.Rhc3 Rd8 62.Re3 Be4 63.f3 exd4 64.Ree1 d3
65.fxe4 dxe4 66.Rc7 Rd7 67.Rxe4 Qxe4 68.Rxd7+ Kf8 69.Qb8+  1-0

[Event "Beersheba 16th"]
[Site "Beersheba"]
[Date "1997.??.??"]
[Round "6"]
[White "Kanstler, Boris"]
[Black "Mikhalevski, Alexander"]
[Result "1-0"]
[WhiteElo "2495"]
[BlackElo "2470"]

1.d4 d5 2.c4 e6 3.Nc3 Be7 4.Nf3 Nf6 5.Bf4 O-O 6.e3 b6 7.Bd3 Bb7 8.cxd5 exd5
9.O-O c5 10.Ne5 Nc6 11.Qf3 Qc8 12.Rac1 Qe6 13.Nxc6 Bxc6 14.Rfd1 Ne4 15.Bxe4 dxe4
16.Qg3 Rfd8 17.Bc7 Rd7 18.dxc5 bxc5 19.Rxd7 Qxd7 20.Rd1 Qf5 21.h3 h5 22.Rd2 h4
23.Qf4 Qxf4 24.Bxf4 a5 25.Nd5 Bd8 26.Bd6 Bxd5 27.Rxd5 c4 28.Be5 Bb6 29.Rb5 Ra6
30.Bc3 f6 31.Rd5 Ra7 32.Rd6 Bc7 33.Rc6 a4 34.Rxc4 a3 35.bxa3 f5 36.a4 Kf7
37.Rc5 g6 38.Rc6 Bd8 39.a5 Bxa5 40.Bd4 Rb7 41.f3 Rb1+ 42.Kf2 Be1+ 43.Ke2 Bg3
44.fxe4 fxe4 45.Rf6+ Ke7 46.Rf1 Rb8 47.a4 Ra8 48.Ra1 Bc7 49.Rc1 Kd7 50.Rc4 Rf8
51.Bc3 Bg3 52.Be1 Bxe1 53.Kxe1 Re8 54.a5 Re5 55.a6 Ra5 56.Rxe4 g5 57.a7 Rxa7
58.Re5 g4 59.hxg4 Ra4 60.g5 Kd6 61.Rf5 Rg4 62.Kf2 Ke6 63.Rf4 Rxg5 64.Rxh4 Rg8
65.Kf3 Ra8 66.Rh6+ Kf5 67.Rh5+ Kg6 68.Re5 Ra1 69.g3 Kf6 70.Re8 Kf5 71.Rf8+ Kg5
72.Rg8+ Kf5 73.g4+ Kf6 74.Rf8+ Kg6 75.Rh8 Kg5 76.Rh5+ Kf6 77.Rf5+ Kg6 78.Rb5 Kf6
79.Rf5+ Kg6 80.Kf4 Rf1+ 81.Ke5 Ra1 82.e4 Ra5+ 83.Kf4 Ra1 84.Rg5+ Kf7 85.Rb5 Rf1+
86.Kg5 Re1 87.Rb4 Re2 88.Kf5 Rf2+ 89.Kg5 Re2 90.Ra4 Re1 91.Ra7+ Kf8 92.Kf6 Rf1+
93.Kg5 Re1 94.Kg6 Rxe4 95.g5 Rg4 96.Ra8+ Ke7 97.Kh6 Kf7 98.Ra7+ Kg8 99.Kg6 Kf8
100.Ra8+ Ke7 101.Rg8 Rg2 102.Kh7 Kf7 103.g6+ Kf6 104.Rf8+ Ke7 105.Rf4  1-0

[Event "Belfort"]
[Site "Belfort"]
[Date "1997.??.??"]
[Round "3"]
[White "Relange, Eloi"]
[Black "Marciano, David"]
[Result "1/2-1/2"]
[WhiteElo "2505"]
[BlackElo "2470"]

1.c4 e6 2.Nc3 d5 3.d4 Be7 4.Nf3 Nf6 5.Bf4 O-O 6.e3 c5 7.dxc5 Bxc5 8.a3 Nc6
9.Rc1 d4 10.Nxd4 e5 11.Nb3 Bxa3 12.Qxd8 Rxd8 13.bxa3 exf4 14.exf4 Be6  1/2-1/2

[Event "Benasque op"]
[Site "Benasque"]
[Date "1997.??.??"]
[Round "8"]
[White "Del Rey, Diego"]
[Black "Enjuto Velasco, Roberto"]
[Result "1-0"]
[WhiteElo "2325"]
[BlackElo "2110"]

1.d4 d5 2.c4 e6 3.Nf3 Nf6 4.Nc3 Be7 5.Bf4 O-O 6.e3 c5 7.dxc5 Nc6 8.a3 Bxc5
9.Qc2 Qa5 10.O-O-O dxc4 11.Bxc4 e5 12.Bg3 Bg4 13.Nd5 Nxd5 14.Rxd5 Be6 15.Ng5 Rfe8
16.Qxh7+ Kf8 17.Nxe6+ fxe6 18.Rd7  1-0

[Event "Berliner Sommer"]
[Site "Berlin"]
[Date "1997.??.??"]
[Round "1"]
[White "Suba, Mihai"]
[Black "Handke, Harald"]
[Result "1-0"]
[WhiteElo "2530"]
[BlackElo "2100"]

1.c4 Nf6 2.Nc3 e6 3.Nf3 d5 4.d4 Be7 5.Bf4 c6 6.e3 O-O 7.Qc2 Nbd7 8.cxd5 exd5
9.O-O-O b5 10.Bd3 a5 11.Ne5 Qb6 12.Kb1 a4 13.Rc1 Nxe5 14.dxe5 Nd7 15.Bxh7+ Kh8
16.h4 b4 17.Nxa4 Rxa4 18.Qxa4 Kxh7 19.Rxc6 Qb7 20.e6 Nc5 21.Rxc5 Bxc5 22.Qc2+ Kg8
23.exf7+ Qxf7 24.Qxc5 Bf5+ 25.Ka1 Rc8 26.Qxb4 Qf6 27.Qd4 Qc6 28.a3 Be6 29.h5  1-0

[Event "Berliner Sommer"]
[Site "Berlin"]
[Date "1997.??.??"]
[Round "6"]
[White "Sturua, Zurab"]
[Black "Ovsejevitsch, Sergei"]
[Result "1-0"]
[WhiteElo "2585"]
[BlackElo "2465"]

1.d4 Nf6 2.c4 e6 3.Nf3 d5 4.Nc3 Be7 5.Bf4 O-O 6.e3 b6 7.Rc1 c5 8.cxd5 Nxd5
9.Nxd5 exd5 10.Be2 Bb7 11.O-O Nd7 12.dxc5 bxc5 13.b4 c4 14.Nd4 Bf6 15.Qa4 Ne5
16.Rfd1 Qb6 17.Rb1 Rac8 18.b5 c3 19.Rbc1 Nc4 20.Qb4 Nb2 21.Re1 a5 22.Qd6 Bxd4
23.exd4 Qxd4 24.Be5 Qd2 25.Qb6 Ba8 26.Qe3 Na4 27.Red1 Qxe3 28.fxe3 Rfe8 29.Bd4 f6
30.Rc2 Kf7 31.Rb1 Ke6 32.Rb3 Nb2 33.Ra3 Nc4 34.Bxc4 dxc4 35.Rxa5 Be4 36.Rxc3 Ra8
37.Rca3 Rxa5 38.Rxa5 Ra8 39.Rxa8 Bxa8 40.a4 Be4 41.g4 Kd6 42.Kf2 c3 43.Bxc3 Kc5
44.Kg3 Bc2 45.Bd4+ Kd6 46.a5 Bd3 47.b6 Ba6 48.Kf4 Ke6 49.e4 Bb7 50.Bb2 Ba6
51.Ba3 Bb7 52.Ke3  1-0

[Event "Berliner Sommer"]
[Site "Berlin"]
[Date "1997.??.??"]
[Round "7"]
[White "Suba, Mihai"]
[Black "Krogius, Nikolai V"]
[Result "0-1"]
[WhiteElo "2530"]
[BlackElo "2475"]

1.c4 e6 2.Nc3 d5 3.d4 Nf6 4.Nf3 Be7 5.Bf4 O-O 6.e3 Nbd7 7.Qc2 c5 8.dxc5 Nxc5
9.Be2 dxc4 10.Bxc4 Bd7 11.O-O Qb6 12.a3 Rfc8 13.Rad1 Be8 14.Rd4 a6 15.Rfd1 Qa7
16.Ba2 b5 17.Be5 Na4 18.Rh4 Nxc3 19.Bxc3 g6 20.Ng5 a5 21.Qe2 b4 22.Bd4 Qb7
23.Bb1 Bb5 24.Qd2 Rd8 25.f4 Bc5 26.Nf3 Bc6 27.Rc1 Bxd4 28.Nxd4 Be4 29.Ba2 Rac8
30.Rxc8 Rxc8 31.g4 bxa3 32.bxa3 Bd5 33.Bxd5 Qb1+ 34.Kg2 exd5 35.g5 Ne4 36.Qxa5 Qb2+
37.Kh3 Nf2+  0-1

[Event "Berliner Sommer"]
[Site "Berlin"]
[Date "1997.??.??"]
[Round "8"]
[White "Muse, Mladen"]
[Black "Loginov, Valery A"]
[Result "0-1"]
[WhiteElo "2460"]
[BlackElo "2550"]

1.d4 d5 2.c4 e6 3.Nc3 Nf6 4.Nf3 Be7 5.Bf4 O-O 6.e3 a6 7.Qc2 Nbd7 8.cxd5 exd5
9.Be2 Re8 10.O-O c6 11.Ne5 Nf8 12.Rad1 Be6 13.Bg3 Qc8 14.Bd3 Nh5 15.Na4 Nxg3
16.hxg3 Qc7 17.Bf5 Bd6 18.Nf3 Bxf5 19.Qxf5 Re6 20.Rc1 Rae8 21.Nc5 Rf6 22.Qc2 Bxc5
23.Qxc5 Qc8 24.Ne5 Nd7 25.Qc3 Nxe5 26.dxe5 Rg6 27.Rfd1 Qe6 28.Qb4 b5 29.e4 h5
30.exd5 cxd5 31.Qd4 Qxe5 32.Qxd5 Qxb2 33.Rc7 Rf6 34.Rf1 Qe5 35.Qd7 Qe6 36.Qd4 Qxa2
37.Rc5 Qe2 38.Rg5 Rg6 39.Rf5 Qe4 40.Qd7 Qe6 41.Qd3 Rh6 42.Rf3 Rf6 43.Re3 Qc8  0-1

[Event "Biel op MTO"]
[Site "Biel"]
[Date "1997.??.??"]
[Round "11"]
[White "Lputian, Smbat G"]
[Black "Polak, Tomas"]
[Result "1-0"]
[WhiteElo "2585"]
[BlackElo "2470"]

1.d4 Nf6 2.c4 e6 3.Nf3 d5 4.Nc3 Be7 5.Bf4 O-O 6.e3 c5 7.dxc5 Bxc5 8.a3 Nc6
9.Qc2 Qa5 10.O-O-O Bd7 11.cxd5 exd5 12.Bg5 Rfc8 13.Bxf6 gxf6 14.Kb1 Be6 15.Qa4 Qd8
16.Qh4 Bf8 17.Bd3 h6 18.Be4 Ne7 19.Ne2 Qb6 20.Bd3 Ng6 21.Qd4 Bc5 22.Qa4 Ne5
23.Nfd4 a6 24.Ka2 Qd6 25.Nxe6 fxe6 26.Qh4 Qf8 27.Nf4 Rc6 28.Rd2 Be7 29.Qh3 f5
30.Be2 Rac8 31.g4 Rc2 32.Rxc2 Rxc2 33.gxf5 Bxa3 34.Rg1+ Kh7 35.Nxe6 Rxb2+
36.Ka1 Qf6 37.Qg3 Ng4 38.Qc7+ Be7 39.Nd4 Rxe2 40.Rxg4 Rxf2 41.Rg6 Qf7 42.Re6 Rf1+
43.Ka2 Rf2+ 44.Nc2 Rxc2+ 45.Qxc2 Bf6 46.Qg2 d4 47.exd4 Bxd4 48.Qg6+ Qxg6
49.Rxg6 Bc5 50.Kb3 a5 51.Ka4 b6 52.Rg2 Bd4 53.Rd2  1-0

[Event "Clarin GP1 Boca Juniors"]
[Site "Boca"]
[Date "1997.??.??"]
[Round "6"]
[White "Minzer, Claudio Javier"]
[Black "Gamarian, Gaguik"]
[Result "1-0"]
[WhiteElo "2430"]
[BlackElo "2145"]

1.d4 e6 2.Nf3 d5 3.c4 Nf6 4.Nc3 Be7 5.Bf4 c6 6.e3 O-O 7.h3 Nbd7 8.Qc2 b6
9.cxd5 exd5 10.Be2 Bb7 11.O-O Qc8 12.Rac1 Ba6 13.Qa4 Bxe2 14.Nxe2 c5 15.dxc5 bxc5
16.Rfd1 Qb7 17.Qc2 Rac8 18.Nc3 Rfd8 19.Qe2 a6 20.Rc2 Bf8 21.Rcd2 Nb6 22.b3 Be7
23.g4 Bd6 24.Bxd6 Rxd6 25.Nh4 g6 26.Qf3 Rcd8 27.g5 Ne4 28.Nxe4 dxe4 29.Qe2 Rxd2
30.Rxd2 Rxd2 31.Qxd2 Qd5 32.Qa5 Qxg5+ 33.Ng2 Nd7 34.Qxa6 Qe5 35.Nf4 Nf6 36.a4 g5
37.Qc8+ Kg7 38.Ne2 Qa1+ 39.Kg2 Qd1 40.Qxc5 h6 41.Nd4 g4 42.Qf5 gxh3+ 43.Qxh3 h5
44.Qh4 Ng4 45.Qg5+ Kh7 46.Qxh5+ Kg8 47.Qg5+ Kh7 48.Qf5+ Kh6 49.Qxe4 Nf6 50.Qf4+ Kg6
51.Qf5+ Kg7 52.Qg5+ Kh7 53.Qxf6 Qg4+ 54.Kh2 Qh5+ 55.Kg3  1-0

[Event "Cannes op 18th"]
[Site "Cannes"]
[Date "1997.??.??"]
[Round "4"]
[White "Summerscale, Aaron"]
[Black "Mednis, Edmar John"]
[Result "1-0"]
[WhiteElo "2500"]
[BlackElo "2400"]

1.c4 Nf6 2.Nc3 e6 3.Nf3 d5 4.d4 Be7 5.Bf4 O-O 6.e3 c5 7.dxc5 Bxc5 8.Qc2 Nc6
9.a3 Be7 10.O-O-O Qa5 11.g4 dxc4 12.Bxc4 e5 13.g5 exf4 14.gxf6 Bxf6 15.Nd5 Bd8
16.Rhg1 h6 17.Qe4 Kh8 18.Rxg7 f5 19.Qxf4 Kxg7 20.Rg1+ Kh7 21.Qg3  1-0

[Event "Cannes op 18th"]
[Site "Cannes"]
[Date "1997.??.??"]
[Round "7"]
[White "Wagner, Claude"]
[Black "Goldgewicht, Lionel"]
[Result "1/2-1/2"]
[WhiteElo "2390"]
[BlackElo "2335"]

1.d4 d5 2.c4 e6 3.Nf3 Nf6 4.Nc3 Be7 5.Bf4 O-O 6.e3 c5 7.dxc5 Bxc5 8.a3 Nc6
9.Qc2 Qa5 10.Nd2 Be7 11.Rd1 e5 12.Bg3 d4 13.Nb3 Qb6 14.Na4 Bf5 15.Nxb6 Bxc2
16.Nxa8 Bxb3 17.Nc7 Bxd1 18.Kxd1 dxe3 19.fxe3 Bc5 20.Ke2 a6 21.b4 Bd6 22.Nd5 Nxd5
23.cxd5 Ne7 24.e4 Rc8 25.Kd2 Ng6 26.Bd3 Kf8 27.Bf2 Ke7 28.Rb1 Nf4 29.Bf1 Nh5
30.Be3 Ke8 31.Bd3 Nf4 32.Bf1 Nh5 33.g3 Nf6 34.Bd3 Ng4 35.Bg1 Be7 36.h3 Nf6
37.Be3 Nd7 38.a4 Bd8 39.a5 h6 40.Rc1 Rxc1 41.Kxc1 Bg5 42.Kd2  1/2-1/2

[Event "Cappelle op"]
[Site "Cappelle la Grande"]
[Date "1997.??.??"]
[Round "4"]
[White "Kempinski, Robert"]
[Black "Ekstroem, Roland"]
[Result "1/2-1/2"]
[WhiteElo "2515"]
[BlackElo "2465"]

1.d4 d5 2.Nf3 Nf6 3.c4 e6 4.Nc3 Be7 5.Bf4 O-O 6.e3 c5 7.dxc5 Bxc5 8.Qc2 Nc6
9.a3 Qa5 10.O-O-O dxc4 11.Bxc4 a6 12.Bd3 Be7 13.g4 g6 14.g5 Nh5 15.h4 e5
16.Bh2 Be6 17.Be4 Rac8 18.Kb1 Bxa3 19.Qa4 Bb4 20.Qxa5 Nxa5 21.Bxe5 Nc4 22.Bd4 Nd6
23.Bd5 Bxc3 24.Bxc3 Bxd5 25.Rxd5 Ne4 26.Bb4 Nxf2 27.Bxf8 Nxh1 28.Bb4 Nf2
29.Rd7 b6 30.Ne5 f6 31.Nf7 Ng4 32.Bc3 Rf8 33.Nh6+ Nxh6 34.gxh6 Re8 35.Bd4 b5  1/2-1/2

[Event "Capablanca mem mixed"]
[Site "Cienfuegos"]
[Date "1997.??.??"]
[Round "11"]
[White "Guedez, Armando"]
[Black "De Asis Dirceu, Viana Jr"]
[Result "1-0"]
[WhiteElo "2285"]
[BlackElo "2380"]

1.d4 d5 2.Nf3 Nf6 3.c4 e6 4.Nc3 Be7 5.Bf4 O-O 6.e3 c5 7.Rc1 b6 8.dxc5 bxc5
9.cxd5 exd5 10.Be2 Be6 11.O-O h6 12.Ne5 Qc8 13.Qa4 Nfd7 14.Nxd7 Nxd7 15.Bf3 Nf6
16.Rfd1 Rd8 17.h3 Qb7 18.Be5 Rd7 19.Qf4 Rc8 20.Qg3 Ne8 21.e4 d4 22.Nd5 Bxd5
23.exd5 Bd6 24.Bg4 Qc7 25.Bxd6 Nxd6 26.Bxd7 Qxd7 27.Qf3 Qb7 28.Rc2 Qb6 29.Qf4 Re8
30.Qg4 Qb4 31.Re2 Rd8 32.Qh4 Rf8 33.Qf4 Qc4 34.Re7 Rd8 35.Rxa7 Qxd5 36.Re7 Qxa2
37.Rd2 Qd5 38.Ra7 Nc4 39.Re2 d3 40.Re1 d2 41.Rd1 Nxb2 42.Rxd2  1-0

[Event "Union de Reyes"]
[Site "CUB"]
[Date "1997.??.??"]
[Round "?"]
[White "Marichal, Ariel"]
[Black "Gomez, Adalberto"]
[Result "0-1"]
[WhiteElo "2010"]
[BlackElo "2355"]

1.d4 d5 2.c4 e6 3.Nf3 Be7 4.Nc3 Nf6 5.Bf4 O-O 6.e3 c5 7.dxc5 Bxc5 8.Qc2 Nc6
9.Rd1 Qa5 10.a3 dxc4 11.Bxc4 Be7 12.O-O e5 13.Bg3 Bg4 14.Nd5 Bxf3 15.gxf3 Qc5
16.b4 Qd6 17.Nb6 Nxb4 18.axb4 Qxb6 19.Bxe5 Rac8 20.Rd4 Qe6 21.Bxe6 Rxc2 22.Bxf6 Bxf6
23.Rc4 Rxc4 24.Bxc4 Rc8 25.Bd3 a6 26.Be4 Rc7 27.b5 axb5 28.Rb1 Rc5 29.Bd3 Bd8
30.Rxb5 Rxb5 31.Bxb5 Kf8 32.Kf1 g5 33.Ke2 Bc7 34.h3 Ke7 35.Bd3 h6 36.Bc4 f5
37.e4 f4 38.Kd3 Kd6 39.Bf7 Kc5 40.Kc3 Be5+ 41.Kb3 Bd4 42.Bd5 b6 43.Bf7 Bxf2
44.Bh5 Bd4 45.Bg4 b5 46.Bh5 Be5 47.Bg4 b4 48.Bh5 Bd6 49.Bg4 Kd4 50.Bh5 Be7
51.Kc2 Ke3 52.e5 Kf2 53.Kd3 Kg3 54.Bg4 Kh4 55.Bf5 Kg3 56.Bg4 Bf8 57.Ke4 Kh4
58.Bf5 h5 59.Kd3 Kg3 60.Ke2 b3 61.e6 b2  0-1

[Event "CZE-chT2 9697"]
[Site "CZE"]
[Date "1997.??.??"]
[Round "?"]
[White "Jurek, Josef"]
[Black "Slezka, Vojtech"]
[Result "1-0"]
[WhiteElo "2395"]
[BlackElo "2330"]

1.d4 d5 2.c4 e6 3.Nc3 Nf6 4.Nf3 Be7 5.Bf4 c5 6.dxc5 Bxc5 7.e3 Nc6 8.a3 O-O
9.Qc2 Qa5 10.O-O-O Rd8 11.Nb5 Bb6 12.b4 Nxb4 13.axb4 Qxb4 14.Qb2 Qe7 15.Bg5 a6
16.Nc3 Bc5 17.Kb1 b5 18.cxd5 Bb7 19.Ne4  1-0

[Event "CZE-chT2 9798"]
[Site "CZE"]
[Date "1997.??.??"]
[Round "2.5"]
[White "Novacek, Jan"]
[Black "Groh, Jiri"]
[Result "1/2-1/2"]
[WhiteElo "2130"]
[BlackElo "2130"]

1.d4 d5 2.Nf3 Nf6 3.c4 e6 4.Nc3 Be7 5.Bf4 O-O 6.e3 c5 7.cxd5 exd5 8.dxc5 Bxc5
9.Be2 Nc6 10.O-O d4 11.exd4 Nxd4 12.Nxd4 Bxd4  1/2-1/2

[Event "Dresden op"]
[Site "Dresden"]
[Date "1997.??.??"]
[Round "9"]
[White "Teske, Henrik"]
[Black "Mueller, M."]
[Result "1-0"]
[WhiteElo "2515"]
[BlackElo "2330"]

1.c4 e6 2.Nf3 d5 3.d4 Nf6 4.Nc3 Be7 5.Bf4 O-O 6.e3 c5 7.dxc5 Bxc5 8.cxd5 exd5
9.Be2 Nc6 10.O-O Be6 11.Rc1 Bd6 12.Bxd6 Qxd6 13.Nd4 Rac8 14.Ncb5 Qe7 15.Qa4 Nxd4
16.Nxd4 a6 17.Qb3 g6 18.Qb6 Rfd8 19.Nxe6 fxe6 20.Rfd1 Kf7 21.g3 Qd7 22.Rb1 Rc6
23.Qb4 Qc7 24.h4 Rd7 25.Kg2 Qe5 26.Rbc1 Rxc1 27.Rxc1 d4 28.Rd1 a5 29.Qa4 b5
30.Qxb5 Rd5 31.Qb7+ Rd7 32.Qf3 d3 33.Rxd3 Rxd3 34.Bxd3 Qxb2 35.Bc4 Qe5 36.Qb7+ Kf8
37.Bb3 Ng4 38.Qc8+ Ke7 39.Qb7+ Kf8 40.Qf3+ Nf6 41.Qc6 Ke7 42.Kf1 Qa1+ 43.Ke2 Qb2+
44.Kf3 Qe5 45.Qc4 Qf5+ 46.Qf4 Qc5 47.Qd4 Qf5+ 48.Kg2 h5 49.Qa7+ Nd7 50.Qb7 Kd6
51.Qa6+ Ke7 52.Qc6 Qe5 53.Bc2 Nf8 54.Ba4 Kf6 55.Qf3+ Kg7 56.Be8 Qc7 57.Qe4 e5
58.Qd5 Qe7 59.Ba4 Qc7 60.Bb3 Kf6 61.f4 exf4 62.gxf4 a4 63.Bc4 Nh7 64.Qd4+ Ke7
65.Qg7+ Kd6 66.Qe5+ Kd7 67.Qe6+ Kd8 68.Qg8+  1-0

[Event "ROM-chT"]
[Site "Eforie Nord"]
[Date "1997.??.??"]
[Round "?"]
[White "Nisipeanu, Liviu Dieter"]
[Black "Iordache, Traian"]
[Result "1/2-1/2"]
[WhiteElo "2600"]
[BlackElo "2185"]

1.Nf3 d5 2.c4 e6 3.d4 Nf6 4.Nc3 Be7 5.Bf4 O-O 6.e3 c5 7.cxd5 exd5 8.Be2 Nc6
9.O-O Bg4 10.dxc5 Bxc5 11.Bg5 Be6 12.Rc1 Be7 13.Nd4 Nd7 14.Bxe7 Qxe7 15.Qa4 Nce5
16.Qb3 Nf6 17.Rfd1 Rad8 18.Ncb5 a6 19.Qa3 Qxa3 20.Nxa3 Rc8 21.f3 Rxc1 22.Rxc1 Rc8
23.Rxc8+ Bxc8 24.Kf2 Kf8 25.Nb1 Ke7 26.h4 h6 27.g4 g5 28.h5 Ne8 29.Nc3 Kd6
30.Kg3 Nc6 31.Nxc6 bxc6 32.f4 f6 33.Bd3 Nc7 34.Ne2 c5 35.Ng1 d4 36.Nf3 Nd5
37.fxg5 fxg5 38.exd4 Nf6 39.dxc5+ Kxc5 40.Nh2 Kd4 41.Bg6 Ke3 42.b4 Be6 43.a3 Bc4
44.Bf5 Be2 45.Kg2 Kf4 46.Kf2 Bb5 47.Bc8 Ne4+ 48.Ke1 Nd6 49.Be6 Ke5 50.Bb3  1/2-1/2

[Event "Arnold mem"]
[Site "Gausdal"]
[Date "1997.??.??"]
[Round "6"]
[White "Tisdall, Jonathan D"]
[Black "Ostenstad, Berge"]
[Result "1/2-1/2"]
[WhiteElo "2480"]
[BlackElo "2465"]

1.Nf3 Nf6 2.c4 e6 3.Nc3 d5 4.d4 Be7 5.Bf4 O-O 6.e3 Nbd7 7.cxd5 Nxd5 8.Nxd5 exd5
9.a3 Nf6 10.Qc2 c6 11.Bd3 Bg4 12.Be5 Kh8 13.h3 Bh5 14.Bxf6 Bxf6 15.g4 Bg6
16.Bxg6 fxg6 17.O-O Be7 18.Ne5 Bd6 19.f4 g5 20.Kg2 Qe7 21.Rf2 c5 22.dxc5 Bxc5
23.Rf3 Bd6 24.Nd3 Qe4 25.Qd2 Rac8 26.Nf2 Qc4 27.Rd1 gxf4 28.exf4 Bxf4 29.Qxd5 b5
30.Qxc4 bxc4 31.Rd4 g5 32.h4 Rfd8 33.Rxd8+ Rxd8 34.hxg5 Bxg5 35.Ne4 Bc1 36.Rc3 Bxb2
37.Rxc4  1/2-1/2

[Event "Bundesliga 9697"]
[Site "Germany"]
[Date "1997.??.??"]
[Round "?.7"]
[White "Dinstuhl, Volkmar"]
[Black "Hedke, Fred"]
[Result "1-0"]
[WhiteElo "2405"]
[BlackElo "2355"]

1.c4 e6 2.Nc3 d5 3.d4 Nf6 4.Nf3 Be7 5.Bf4 O-O 6.e3 b6 7.Bd3 c5 8.cxd5 exd5
9.Ne5 Bb7 10.Qf3 Nc6 11.O-O cxd4 12.Nxc6 Bxc6 13.exd4 Bd6 14.Bg5 Be7 15.Rfe1 h6
16.Bh4 Qd7 17.Re5 Rfe8 18.Rae1 Rad8 19.Bf5 Qb7 20.Bc2 Ne4 21.Nxe4 dxe4 22.Bxe4 Bxh4
23.Bxc6 Rxe5 24.dxe5 Qc7 25.g3 Be7 26.Bd5 Bc5 27.Kg2 a5 28.Re2 Rf8 29.Qf5 Qe7
30.h4 Kh8 31.h5 Qg5 32.Qh3 Qc1 33.Be4 f5 34.exf6 Rxf6 35.Bd3 Rf8 36.Qg4 Qg5
37.Qe4 Kg8 38.Qh7+ Kf7 39.Bc4+  1-0